<?xml version="1.0" encoding="UTF-8"?>
<record
    xmlns:xsi="http://www.w3.org/2001/XMLSchema-instance"
    xsi:schemaLocation="http://www.loc.gov/MARC21/slim http://www.loc.gov/standards/marcxml/schema/MARC21slim.xsd"
    xmlns="http://www.loc.gov/MARC21/slim">

  <leader>01782    a2200217   4500</leader>
  <controlfield tag="001">56822</controlfield>
  <controlfield tag="005">20260407155831.0</controlfield>
  <controlfield tag="008">260407a1955    arg                 spa d</controlfield>
  <controlfield tag="003">AR-UNSa-BCEJYS</controlfield>
  <datafield tag="040" ind1=" " ind2=" ">
    <subfield code="a">AR-UNSa-BCEJYS</subfield>
    <subfield code="b">spa</subfield>
    <subfield code="c">AR-UNSa-BCEJYS</subfield>
  </datafield>
  <datafield tag="080" ind1=" " ind2=" ">
    <subfield code="a">330.101</subfield>
    <subfield code="x">Ciencia econ&#xF3;mica en general. La econom&#xED;a y sus problemas. Objeto y m&#xE9;todos de la econom&#xED;a pol&#xED;tica </subfield>
  </datafield>
  <datafield tag="245" ind1="1" ind2="0">
    <subfield code="a">Curso de Econom&#xED;a Pol&#xED;tica</subfield>
  </datafield>
  <datafield tag="250" ind1=" " ind2=" ">
    <subfield code="a">2a. ed.</subfield>
  </datafield>
  <datafield tag="264" ind1=" " ind2="1">
    <subfield code="a">Buenos Aires :</subfield>
    <subfield code="b">El Ateneo</subfield>
    <subfield code="c">1955</subfield>
  </datafield>
  <datafield tag="300" ind1=" " ind2=" ">
    <subfield code="a">705 p.</subfield>
    <subfield code="c">20 cm.</subfield>
  </datafield>
  <datafield tag="505" ind1=" " ind2=" ">
    <subfield code="a">NOCIONES GENERALES 1. La ciencia econ&#xF3;mica &#x2013; 2.Las diversas escuelas econ&#xF3;micas &#x2013; 3.Las necesidades y el valor LIBRO PRIMERO 1.Los factores de la producci&#xF3;n: la naturaleza &#x2013; 2.El trabajo &#x2013; 3.El capital &#x2013; 4.Como se regula la producci&#xF3;n &#x2013; 5.La asociaci&#xF3;n para la producci&#xF3;n &#x2013; 6.La divisi&#xF3;n del trabajo &#x2013; 6.La concentraci&#xF3;n de la producci&#xF3;n &#x2013; 7. La producci&#xF3;n por el estado LIBRO SEGUNDO .La circulaci&#xF3;n: 1.El cambio &#x2013; 2.Los comerciantes &#x2013; 3.El transporte &#x2013; 4.La moneda met&#xE1;lica &#x2013; 5.Los sistemas monetarios &#x2013; 6.La moneda papel &#x2013; 7.El cr&#xE9;dito &#x2013; 8.Operaciones de banca &#x2013; 9.Organizacion de los bancos &#x2013; 10.Formacion de los precios &#x2013; 11.El cambio internacional &#x2013; 12.La pol&#xED;tica comercial LIBRO TERCERO Los varios modos de reparto : 1.El modo existente &#x2013; 2.Los modos socialistas &#x2013; 3.Los propietarios  de las fincas rurales &#x2013; 4.Los capitalistas rentistas &#x2013; 5.Los asalariados &#x2013; 6.Las reivindicaciones obreras &#x2013; 7.Los empresarios &#x2013; 8.El estado LIBRO CUARTO 1.El consumo: el gasto &#x2013; 2.La asistencia &#x2013; 3.El ahorro &#x2013; 4.De si la producci&#xF3;n podr&#xE1; bastar al consumo.</subfield>
  </datafield>
  <datafield tag="942" ind1=" " ind2=" ">
    <subfield code="c">BK</subfield>
  </datafield>
  <datafield tag="590" ind1=" " ind2=" ">
    <subfield code="a">niveau_biblio:m niveau_hierar:0</subfield>
  </datafield>
  <datafield tag="100" ind1="1" ind2=" ">
    <subfield code="a">Gide, Charles</subfield>
  </datafield>
  <datafield tag="700" ind1="1" ind2=" ">
    <subfield code="a">Docteur, Carlos</subfield>
  </datafield>
  <datafield tag="999" ind1=" " ind2=" ">
    <subfield code="c">6054</subfield>
    <subfield code="d">6054</subfield>
  </datafield>
  <datafield tag="952" ind1=" " ind2=" ">
    <subfield code="0">0</subfield>
    <subfield code="1">0</subfield>
    <subfield code="4">0</subfield>
    <subfield code="7">0</subfield>
    <subfield code="a">BCEJYS</subfield>
    <subfield code="b">BCEJYS</subfield>
    <subfield code="c">16</subfield>
    <subfield code="d">2026-04-07</subfield>
    <subfield code="l">0</subfield>
    <subfield code="o">330.101 G453 2ed.</subfield>
    <subfield code="p">L20260</subfield>
    <subfield code="r">2026-04-07 15:58:31</subfield>
    <subfield code="w">2026-04-07</subfield>
    <subfield code="y">L</subfield>
  </datafield>
</record>
